| 000 | 00000nas##2200000za#4500 |
| 001 | 9.508656 |
| 003 | CaOODSP |
| 005 | 20210511115006 |
| 007 | ta |
| 008 | 150406c1991||||xxc|| p #||||f| |0eng|d |
| 022 | |a0041-0438 |
| 040 | |aCaOODSP|beng |
| 041 | |aeng |
| 041 | |afre |
| 043 | |an-cn--- |
| 086 | 1 |aRG42-2-1 |
| 110 | 2 |aCanadian Intellectual Property Office. |
| 245 | 10|aTrade-marks journal |
| 260 | |aOttawa - Ontario : |bIndustry Canada. |
| 310 | |aWeekly |
| 362 | 1 |aCeased with Vol. 56, No. 2838, March 18, 2009 |
| 500 | |aAvailable in electronic format only from Vol. 56, No. 2839, March 25, 2009. |
| 563 | |aSoftcover |
| 690 | 07|aTrademarks|2gcpds |
| 776 | 0#|tTrade-marks journal |w(CaOODSP)9.500144 |
| 792 | |tJournal des marques de commerce |efre|w(CaOODSP)9.508657 |